Historical City to Modern Country Challenging Version (Click Quiz) - Statistics

General Stats
  • This quiz has been taken 55 times
  • The average score is 7 of 25
Answer Stats
Hint Answer % Correct
Ugarit Syria
46%
Carnuntum Austria
38%
Cihuatán El Salvador
38%
Nan Madol F. S. Micronesia
38%
Ciudad Perdida Colombia
35%
Ingapirca Ecuador
35%
Volubilis Morocco
35%
Sighnaq Kazakhstan
31%
Shabwa Yemen
31%
Firozkoh Afghanistan
27%
Dvin Armenia
27%
Salona Croatia
27%
Trowulan Indonesia
27%
Birka Sweden
27%
Gedi Kenya
23%
Reccopolis Spain
23%
Vijaya Vietnam
23%
Khami Zimbabwe
23%
Altun Ha Belize
19%
Niani Guinea
19%
Yarumela Honduras
19%
Titelberg Luxembourg
19%
Sarmizegetusa Romania
19%
Tyras Ukraine
19%
Kerma Sudan
15%
No matching quizzes found
Score Distribution
Percent of People with Each Score
Percentile by Number Answered
Your Score History
You have not taken this quiz